<?xml version="1.0" encoding="UTF-8"?>
<record
    xmlns:xsi="http://www.w3.org/2001/XMLSchema-instance"
    xsi:schemaLocation="http://www.loc.gov/MARC21/slim http://www.loc.gov/standards/marcxml/schema/MARC21slim.xsd"
    xmlns="http://www.loc.gov/MARC21/slim">

  <leader>00897nam a22002057a 4500</leader>
  <controlfield tag="003">BD-RjUL</controlfield>
  <controlfield tag="005">20250708143209.0</controlfield>
  <controlfield tag="008">250708s1950    |||||||| |||| 00| 0 urd d</controlfield>
  <datafield tag="035" ind1=" " ind2=" ">
    <subfield code="a">(BD-RjUL)</subfield>
  </datafield>
  <datafield tag="040" ind1=" " ind2=" ">
    <subfield code="a">BD-RjUL</subfield>
    <subfield code="b">eng</subfield>
    <subfield code="c">BD-RjUL</subfield>
  </datafield>
  <datafield tag="041" ind1=" " ind2=" ">
    <subfield code="a">urd</subfield>
  </datafield>
  <datafield tag="082" ind1=" " ind2=" ">
    <subfield code="2">23</subfield>
  </datafield>
  <datafield tag="100" ind1=" " ind2=" ">
    <subfield code="a">Mu&#x1E25;ammad,  Sayyid ;;  &#x645;&#x62D;&#x645;&#x651;&#x62F;&#x60C; &#x633;&#x64A;&#x651;&#x62F;</subfield>
    <subfield code="9">15927</subfield>
  </datafield>
  <datafield tag="245" ind1="1" ind2="0">
    <subfield code="a">&#x627;&#x631;&#x628;&#x627;&#x628; &#x646;&#x62B;&#x631; &#x627;&#x631;&#x62F;&#x648; : &#x64A;&#x639;&#x646;&#x649; &#x641;&#x648;&#x631;&#x679; &#x648;&#x644;&#x64A;&#x645; &#x6A9;&#x627;&#x644;&#x62C; &#x6A9;&#x6D2; &#x627;&#x631;&#x62F;&#x648; &#x646;&#x62B;&#x631; &#x646;&#x648;&#x64A;&#x633;&#x648;&#x6BA; &#x6A9;&#x627; &#x62A;&#x62D;&#x642;&#x64A;&#x642;&#x649; &#x648; &#x62A;&#x646;&#x642;&#x64A;&#x62F;&#x649; &#x62A;&#x630;&#x6A9;&#x631;&#x647; / Arb&#x101;b-i nas&#x332;r-i Urd&#x16B; : ya&#x2BB;n&#x12B; For&#x1E6D; Viliyam K&#x101;lij ke Urd&#x16B; nas&#x332;r nav&#x12B;son&#x332; k&#x101; ta&#x1E25;q&#x12B;q&#x12B; va tanq&#x12B;d&#x12B; taz&#x332;kirah /</subfield>
    <subfield code="c">&#x627; &#x633;&#x64A;&#x651;&#x62F; &#x645;&#x62D;&#x645;&#x651;&#x62F;. Sayyid Mu&#x1E25;ammad, </subfield>
  </datafield>
  <datafield tag="250" ind1=" " ind2=" ">
    <subfield code="a">3rd.ed.</subfield>
  </datafield>
  <datafield tag="260" ind1=" " ind2=" ">
    <subfield code="a">Lahore:</subfield>
    <subfield code="b">&#x645;&#x6A9;&#x62A;&#x628;&#x6C1; &#x645;&#x639;&#x6CC;&#x646; &#x627;&#x644;&#x627;&#x62F;&#x628; ;;maktabah maeen aladb ,</subfield>
    <subfield code="c">1950</subfield>
  </datafield>
  <datafield tag="300" ind1=" " ind2=" ">
    <subfield code="a">292 +13 p.; </subfield>
    <subfield code="c">19cm</subfield>
  </datafield>
  <datafield tag="650" ind1=" " ind2=" ">
    <subfield code="a">Urdu prose literature</subfield>
    <subfield code="v">History &amp; Criticism</subfield>
    <subfield code="9">15928</subfield>
  </datafield>
  <datafield tag="942" ind1=" " ind2=" ">
    <subfield code="2">ddc</subfield>
    <subfield code="c">BK</subfield>
  </datafield>
  <datafield tag="999" ind1=" " ind2=" ">
    <subfield code="c">85144</subfield>
    <subfield code="d">85144</subfield>
  </datafield>
  <datafield tag="952" ind1=" " ind2=" ">
    <subfield code="0">0</subfield>
    <subfield code="1">0</subfield>
    <subfield code="2">ddc</subfield>
    <subfield code="4">0</subfield>
    <subfield code="7">1</subfield>
    <subfield code="8">NFIC</subfield>
    <subfield code="a">RUCL</subfield>
    <subfield code="b">RUCL</subfield>
    <subfield code="c">Reading</subfield>
    <subfield code="d">2025-07-08</subfield>
    <subfield code="l">0</subfield>
    <subfield code="o">U 891.43909 MUA 1950</subfield>
    <subfield code="r">2025-07-08 00:00:00</subfield>
    <subfield code="t">C-1</subfield>
    <subfield code="w">2025-07-08</subfield>
    <subfield code="y">BK</subfield>
  </datafield>
</record>
